Perception of domestic visitors towards the facilities in Taman Tasik Perdana (Lake Garden)

Bibliographic Details
Main Author: Kooi Fui, Yeong
Format: Book
Published: Serdang : Universiti Pertanian Malaysia , 1993/1994
Subjects:

MARC

LEADER 00000cam a2200000 7i4500
001 0000003884
005 20110804.0
090 0 0 |a R THE 333.78   |b YEON 1994 
100 0 0 |a Kooi Fui, Yeong 
245 0 0 |a Perception of domestic visitors towards the facilities in Taman Tasik Perdana (Lake Garden)   |c Yeong Kooi Fui 
260 0 0 |a Serdang :   |b Universiti Pertanian Malaysia ,   |c 1993/1994 
300 |a viii, 104 p. :   |b .iil ;   |c 30 cm. 
500 0 0 |a Bibliography : p. 103-106 
500 0 0 |a Prokect Paper: Degree in Agriculture Business in Faculty of Economic and Managmenet, Universiti Pertanian Malaysia(1993/94) 
650 0 0 |a Taman Tasik Perdana---Malaysia 
998 |a JPSM 
999 |a 005599   |b Thesis   |c Reference   |e Default branch